| 000 | 01930nam a2200385 a 4500 | ||
|---|---|---|---|
| 001 | ebr10422506 | ||
| 003 | CaPaEBR | ||
| 006 | m u | ||
| 007 | cr cn||||||||| | ||
| 008 | 090402s2009 si sb 001 0 eng | ||
| 010 | _z 2009013402 | ||
| 020 | _z9789814261678 (hardcover : alk. paper) | ||
| 020 | _z981426167X (hardcover : alk. paper) | ||
| 040 |
_aCaPaEBR _cCaPaEBR |
||
| 035 | _a(OCoLC)613373463 | ||
| 050 | 1 | 4 |
_aQC793.16 _b.B37 2009eb |
| 082 | 0 | 4 |
_a530.15 _222 |
| 100 | 1 | _aBastin, Ted. | |
| 245 | 1 | 4 |
_aThe origin of discrete particles _h[electronic resource] / _cT. Bastin, C.W. Kilmister. |
| 260 |
_aSingapore ; _aHackensack, NJ : _bWorld Scientific, _cc2009. |
||
| 300 | _ax, 180 p. | ||
| 490 | 1 |
_aSeries on knots and everything ; _vv. 42 |
|
| 504 | _aIncludes bibliographical references and index. | ||
| 505 | 0 | _aIntroduction -- Combinatorial space -- The story of the particle concept -- Dimensionality -- The simple bit-string picture -- The fine-structure constant calculated -- Process and iteration -- Pre-space : high-energy particles : non-locality -- Space, relativity and classical space -- Perception -- Current quantum physics, state/observer philosophy : complementarity -- Just six numbers -- Quantum or gravity? | |
| 533 |
_aElectronic reproduction. _bPalo Alto, Calif. : _cebrary, _d2013. _nAvailable via World Wide Web. _nAccess may be limited to ebrary affiliated libraries. |
||
| 650 | 0 |
_aParticles (Nuclear physics) _xHistory. |
|
| 650 | 0 |
_aQuantum theory _xHistory. |
|
| 650 | 0 |
_aMathematical physics _xHistory. |
|
| 650 | 0 |
_aScience _xPhilosophy _xHistory. |
|
| 655 | 7 |
_aElectronic books. _2local |
|
| 700 | 1 |
_aKilmister, C. W. _q(Clive William) |
|
| 710 | 2 | _aebrary, Inc. | |
| 830 | 0 |
_aK & E series on knots and everything ; _vv. 42. |
|
| 856 | 4 | 0 |
_uhttp://site.ebrary.com/lib/rucke/Doc?id=10422506 _zAn electronic book accessible through the World Wide Web; click to view |
| 999 |
_c238120 _d238120 |
||